Guess the NFL Player - Statistics

General Stats
  • This quiz has been taken 69 times
  • The average score is 15 of 23
Answer Stats
Hint Answer % Correct
Known for his one-handed catch. Odell Beckham Jr.
97%
Megatron Calvin Johnson
83%
QB who beat Tom Brady twice in the Super Bowl. Eli Manning
81%
Player famous for his 2024 backwards hurdle. Saquon Barkley
78%
Player who appeared on the Madden 20 cover. Patrick Mahomes
74%
QB who got injured immediately after running out with the American flag on the Jets. Aaron Rodgers
71%
2025 rookie known to stand straight up in the backfield. Ashton Jeanty
71%
"I call him 9". JJ McCarthy
71%
Player with the nickname "Knuckles" in the "Sonic and Knuckles" backfield duo. David Montgomery
64%
Backup QB who gives the funniest interviews and stole crab legs. Jameis Winston
64%
QB who filled in for injured Bo Nix in the 2026 AFC championship. Jarrett Stidham
64%
Player known for his iconic picture staring at the Chiefs' celebration confetti in the AFC championship. Stefon Diggs
64%
Quarterback famous for being terrible in cold weather. Tua Tagovailoa
62%
Defensive player who was fined for spitting on Dak Prescott. Jalen Carter
60%
Tight end who fantasy managers swear is his breakout year every year. Kyle Pitts
57%
Eagles O-Lineman who released a Christmas album (3 options) Lane Johnson, Jordan Mailata, Jason Kelce
57%
QB who released the song "Perfect Timing" Shedeur Sanders
57%
Scored 6 TDs on Christmas Day 2020. Alvin Kamara
55%
Former Arizona St running back known for running straight into people. Cam Skattebo
55%
Italian backup QB known for his mafia-looking agent.. Tommy DeVito
53%
Former teammate of the above player who disappeared after a record-breaking 2019. Michael Thomas
50%
"Throw it on a dime, like I ain't even trying, Just a kid from Briar Woods I'm wearing number 9". Trace McSorley
34%
Hypothetical MVP every year but never won it. Justin Herbert
29%
No matching quizzes found
Score Distribution
Percent of People with Each Score
Percentile by Number Answered
Your Score History
You have not taken this quiz